LEADER 01279nam a2200373 i 4500 001 991001466659707536 005 20020507194001.0 008 931103s1964 us ||| | eng 035 $ab10851410-39ule_inst 035 $aLE01312680$9ExL 040 $aDip.to Matematica$beng 082 0 $a513.83 082 0 $a514.3202 084 $aAMS 54E 084 $aAMS 54E15 084 $aAMS 54E45 084 $aAMS 54F15 100 1 $aIsbell, J. R.$0537282 245 10$aUniform spaces /$cby J.R. Isbell 260 $aProvidence :$bAmerican Mathematical Society,$c1964 300 $axi, 175 p. ;$c26 cm. 490 0 $aMathematical surveys,$x0076-5376 ;$v12 500 $aBibliography: p. 163-171 650 0$aContinua and generalizations 650 0$aTopology 650 0$aUniform spaces 650 0$aUniform structures 907 $a.b10851410$b23-02-17$c28-06-02 912 $a991001466659707536 945 $aLE013 54E ISB11 C.1 (1964)$g1$i2013000060880$lle013$o-$pE0.00$q-$rl$s- $t0$u4$v0$w4$x0$y.i10962888$z28-06-02 945 $aLE013 54E ISB11 C.2 (1964)$g2$i2013000060897$lle013$o-$pE0.00$q-$rl$s- $t0$u4$v0$w4$x0$y.i1096289x$z28-06-02 996 $aUniform spaces$9918384 997 $aUNISALENTO 998 $ale013$b01-01-93$cm$da $e-$feng$gus $h0$i2 LEADER 03036nam 2200601 a 450 001 9910965043803321 005 20200520144314.0 010 $a9782742011803 010 $a2742011803 035 $a(CKB)2670000000408576 035 $a(EBL)3317876 035 $a(SSID)ssj0001128988 035 $a(PQKBManifestationID)11662655 035 $a(PQKBTitleCode)TC0001128988 035 $a(PQKBWorkID)11068131 035 $a(PQKB)10031890 035 $a(MiAaPQ)EBC3317876 035 $a(PPN)176624716 035 $a(FR-PaCSA)88814915 035 $a(FRCYB88814915)88814915 035 $a(BIP)50484053 035 $a(EXLCZ)992670000000408576 100 $a20130729d2011 uy 0 101 0 $aeng 135 $aur|n|---||||| 181 $ctxt 182 $cc 183 $acr 200 10$aExtratemporal lobe epilepsy surgery /$fMohamad Z. Koubeissi and Robert J. Maciunas 210 $aMontrouge, France $cJohn Libbey Eurotext$d2011 215 $a1 online resource (529 p.) 225 1 $aProgress in epileptic disorders / International Epilepsy Colloquium-Clevland,$x1777-4284 ;$vv. 10 300 $aDescription based upon print version of record. 311 08$a9782742007721 311 08$a2742007725 320 $aIncludes bibliographical references. 327 $asection 1. Semiology of extratemporal epilepsy -- section 2. Non-invasive neurophysiology of extratemporal lobe epilepsies -- section 3. Neuroimaging of extra temporal lobe epilepsies -- section 4. Invasive evaluation of extratemporal lobe epilepsies -- section 5. Surgery and outcome of extratemporal lobe epilepsies. 330 $aThe theme of the Cleveland colloquium which took place in May 2010 was extratemporal lobe epilepsy surgery. Patients with refractory extratemporal lobe epilepsy, particularly those in whom imaging examinations did not reveal any brain lesions, have a less positive prognosis after surgery than those with mesial temporal lobe epilepsy. The semiology of seizures, the functional imaging techniques, neuropsychological evaluation and intracranial EEG are used to select surgical patients. Moreover, a large number of centres have experimented with new methods for identifying the epileptogenic area in these patients. This work outlines diagnostic and prognostic tools available as well as epilepsy surgery. Written by international experts who attended the Cleveland colloquium, it will be all the more useful to neurologists, neurosurgeons and epileptologists as no other work until now has focused on this subject. 410 0$aProgress in epileptic disorders ;$vv. 10. 606 $aEpilepsy$xSurgery 606 $aEpileptics 615 0$aEpilepsy$xSurgery. 615 0$aEpileptics. 676 $a616.853 700 $aKoubeissi$b Mohamad Z$01798700 701 $aMaciunas$b Robert J$01798701 801 0$bMiAaPQ 801 1$bMiAaPQ 801 2$bMiAaPQ 906 $aBOOK 912 $a9910965043803321 996 $aExtratemporal lobe epilepsy surgery$94341600 997 $aUNINA